Human Dignity: (Record no. 181530)

MARC details
000 -LEADER
fixed length control field 00668nam a22001817a 4500
005 - DATE AND TIME OF LATEST TRANSACTION
control field 20220217105431.0
010 ## - LCCN (DPL NO)
LC control number ENG-129946
020 ## - INTERNATIONAL STANDARD BOOK NUMBER
Terms of availability 720.00
International Standard Book Number 9 788194 471523
035 ## - SYSTEM CONTROL NUMBER
System control number EN-113478
037 ## - SOURCE OF ACQUISITION
Source of stock number/acquisition DBAD/PUB
082 ## - DEWEY DECIMAL CLASSIFICATION NUMBER
Classification number 320.954
100 ## - MAIN ENTRY--PERSONAL NAME
Personal name Kumar, Ashwani
245 ## - TITLE STATEMENT
Title Human Dignity:
Remainder of title A Purpose In Perpetuity/
Statement of responsibility, etc Ashwani Kumar
Medium english
260 ## - PUBLICATION, DISTRIBUTION, ETC. (IMPRINT)
Name of publisher, distributor, etc Lexis Nexis publication
Place of publication, distribution, etc 14th floor,Building No 10, Tower-B,DLF Cyber City, Phase-11,Gurgoan-122002,Haryana,India.
Date of publication, distribution, etc 2020
270 ## - ADDRESS
City Haryana, India
Address 14th floor,Building No 10, Tower-B,DLF Cyber City, Phase-11,Gurgoan-122002,Haryana,India.
300 ## - PHYSICAL DESCRIPTION
Extent 200pg
Dimensions 22cm
942 ## - ADDED ENTRY ELEMENTS (KOHA)
Source of classification or shelving scheme Dewey Decimal Classification
Item type English Books
Call number suffix ASH
Call number prefix 320.954
Holdings
Withdrawn status Lost status Not for loan Collection code Home library Current library Date acquired Source of acquisition Cost, normal purchase price Full call number Barcode Copy number Cost, replacement price Koha item type
      Non-fiction Ashok Vihar Ashok Vihar 17/09/2021 D.B.A.Division/PUB 720.00 320.954 EN-113478 1 720.00 English Books

© Delhi Public Library
Hit Counter
free hit counter